[Event "Mostoles op 12th"]
[Site "Mostoles"]
[Date "2023.07.26"]
[Round "4"]
[White "Guach Rodriguez, Marco Antonio"]
[Black "Rodriguez Contreras, Gabriel Alejandro"]
[Result "1-0"]
[WhiteElo "1706"]
[BlackElo "1905"]
[PlyCount "47"]
[EventDate "2023.07.23"]
[EventType "swiss"]
[EventRounds "8"]
[EventCountry "ESP"]
[SourceTitle "CBM 215 Extra"]
[Source "ChessBase"]
[SourceDate "2023.09.30"]
[SourceVersion "1"]
[SourceVersionDate "2023.09.30"]
[SourceQuality "1"]

1. e4 e6 2. d4 d5 3. Nd2 Nf6 4. e5 Nfd7 5. Bd3 c5 6. c3 Nc6 7. Ne2 Qb6 8. Nf3 cxd4 9. cxd4 Bb4+ 10. Bd2 f6 11. exf6 Nxf6 12. 0-0 Bd7 13. a3 Bd6 14. Bc3 0-0-0 15. b4 Rdf8 16. b5 Na5 17. Qa4 Nc4 18. Bxc4 dxc4 19. Qxc4+ Kb8 20. a4 Nd5 21. Qd3 Be8 22. Ne5 Rf6 23. Qd2 Rhf8 24. Ba5 1-0

[Event "Mostoles op 12th"]
[Site "Mostoles"]
[Date "2023.07.24"]
[Round "2"]
[White "Huerta Navarro, Eusebio"]
[Black "Rodriguez Contreras, Gabriel Alejandro"]
[Result "0-1"]
[WhiteElo "1633"]
[BlackElo "1905"]
[PlyCount "70"]
[EventDate "2023.07.23"]
[EventType "swiss"]
[EventRounds "8"]
[EventCountry "ESP"]
[SourceTitle "CBM 215 Extra"]
[Source "ChessBase"]
[SourceDate "2023.09.30"]
[SourceVersion "1"]
[SourceVersionDate "2023.09.30"]
[SourceQuality "1"]

1. e4 c5 2. Nf3 e6 3. d4 cxd4 4. Nxd4 a6 5. c4 Qc7 6. Nc3 Bb4 7. Bd2 Nf6 8. Bd3 Nc6 9. Nf3 Ng4 10. h3 Nge5 11. Qe2 b6 12. 0-0 Nxd3 13. Qxd3 Bb7 14. Rac1 0-0 15. a3 Be7 16. Ne2 d6 17. Rfe1 Ne5 18. Nxe5 dxe5 19. Be3 Rfd8 20. Qb3 Bc5 21. Ng3 Bxe3 22. Rxe3 Rd4 23. f3 Rad8 24. Kh2 g6 25. Qc3 h5 26. c5 b5 27. b4 h4 28. Nh1 Qe7 29. Nf2 Qg5 30. Rce1 Bc6 31. Kg1 Qg3 32. R1e2 Qg5 33. Qb3 R8d7 34. Qa2 Rd1+ 35. Nxd1 Rxd1+ 0-1

[Event "Mostoles op 12th"]
[Site "Mostoles"]
[Date "2023.07.23"]
[Round "1"]
[White "Rodriguez Contreras, Gabriel Alejandro"]
[Black "Xia, Zhe"]
[Result "1-0"]
[WhiteElo "1905"]
[BlackElo "1416"]
[PlyCount "75"]
[EventDate "2023.07.23"]
[EventType "swiss"]
[EventRounds "8"]
[EventCountry "ESP"]
[SourceTitle "CBM 215 Extra"]
[Source "ChessBase"]
[SourceDate "2023.09.30"]
[SourceVersion "1"]
[SourceVersionDate "2023.09.30"]
[SourceQuality "1"]

1. d4 d5 2. Nc3 Nf6 3. Bg5 Bf5 4. f3 h6 5. Bxf6 exf6 6. e4 dxe4 7. fxe4 Bg6 8. a3 c5 9. Bb5+ Nd7 10. dxc5 Bxc5 11. Qd5 Rc8 12. 0-0-0 Rc7 13. Nge2 a6 14. Ba4 b5 15. Bb3 0-0 16. Kb1 Be7 17. Nf4 Ne5 18. Nxg6 Nxg6 19. Qf5 Qc8 20. Nd5 Rc5 21. Qxg6 Qb7 22. Nxe7+ Qxe7 23. Qg4 a5 24. Rd7 Qe8 25. Rhd1 Rg5 26. Qf3 a4 27. Ba2 Re5 28. R7d4 Qc6 29. Bd5 Qc5 30. g4 Rc8 31. R1d2 Re7 32. h4 Rb8 33. g5 fxg5 34. hxg5 hxg5 35. Qf5 Qc7 36. Qxg5 Re5 37. Qf4 Rc8 38. Bxf7+ 1-0

[Event "Mostoles op 11th"]
[Site "Mostoles"]
[Date "2022.07.25"]
[Round "9"]
[White "Rodriguez Contreras, Gabriel Alejandro"]
[Black "Sanchez Garcia, Aurelio"]
[Result "1/2-1/2"]
[WhiteElo "1795"]
[BlackElo "1969"]
[PlyCount "41"]
[EventDate "2022.07.17"]
[EventType "swiss"]
[EventRounds "9"]
[EventCountry "ESP"]
[SourceTitle "EXT 2024"]
[Source "ChessBase"]
[SourceDate "2023.10.10"]
[SourceVersion "1"]
[SourceVersionDate "2023.10.10"]
[SourceQuality "1"]

1. d4 d6 2. Nc3 g6 3. f3 Nf6 4. e4 a6 5. Be3 b5 6. Qd2 Nbd7 7. 0-0-0 Nb6 8. Re1 c6 9. e5 dxe5 10. Bg5 Be6 11. dxe5 Qxd2+ 12. Bxd2 Nfd7 13. f4 Nc4 14. Bxc4 Bxc4 15. Nf3 Nc5 16. b3 Bd5 17. Nxd5 cxd5 18. Bb4 e6 19. Bxc5 Bxc5 20. Kb2 Ke7 21. Rd1 1/2-1/2

[Event "Mostoles op 11th"]
[Site "Mostoles"]
[Date "2022.07.24"]
[Round "8"]
[White "Mkrtchyan, Levon"]
[Black "Rodriguez Contreras, Gabriel Alejandro"]
[Result "1-0"]
[WhiteElo "2288"]
[BlackElo "1795"]
[PlyCount "65"]
[EventDate "2022.07.17"]
[EventType "swiss"]
[EventRounds "9"]
[EventCountry "ESP"]
[SourceTitle "EXT 2024"]
[Source "ChessBase"]
[SourceDate "2023.10.10"]
[SourceVersion "1"]
[SourceVersionDate "2023.10.10"]
[SourceQuality "1"]

1. e4 e6 2. d4 d5 3. Nd2 dxe4 4. Nxe4 Nf6 5. Bg5 Be7 6. Bxf6 Bxf6 7. Nf3 Nd7 8. c3 Be7 9. Bd3 Nf6 10. Qe2 a6 11. 0-0-0 Nd5 12. g3 b5 13. Ne5 Bd7 14. f4 g6 15. h4 h5 16. Nc5 Bxc5 17. dxc5 Qf6 18. c6 Bc8 19. Rhf1 Ne7 20. Be4 Rb8 21. Rd7 0-0 22. Rd3 Qg7 23. Rfd1 Nf5 24. g4 hxg4 25. Nxg4 Ne7 26. Ne5 Qh6 27. Qf2 Nd5 28. Rf3 Ne7 29. Rg1 Kg7 30. Qa7 f5 31. Qxc7 Kf6 32. Qxb8 fxe4 33. Ng4+ 1-0